01191nam a2200229Ia 450000100060000000300070000600800410001304000110005408000170006524500940008224500320017624503220020825000290053026000260055926000720058526000090065730000400066630001300070654100110083665300940084765300200094116115GE_BSU181216s||||||||xx |||||||||||||| ||und|| cGE_BSU a577.1(075.8) aბიოქიმია კლინიკური კორელაციებით bსახელმძღვ cრედ. თომას მ. დევლინი ; [პროექტის ხელმძღვ. ნანა სებისკვერაძე ; მთარგმნ.: მაია ბერიძე [და სხვ.] ; რედ.: გულიკო მარგველანი [და სხვ.]] aმე-6 გამოც aთბილისი bთბილ. სახელმწ. სამედ. უნ-ტი c2008 a1208გვ. : სურ. ; 30სმ eდანართი: გვ. 1121-1132. - ტერმინების განმარტება: გვ. 1133-1156. h63ლ. aბიოქიმია კლინიკური კორელაციებით aქიმია